000 00499nam a2200193Ia 4500
008 240510s9999 xx 000 0 und d
020 _a9780471197133
041 _aEng
082 _a005.01
082 _bA57
100 _aBROWN,WILLIAM J. [et al.]
245 0 _aAnti Patterns: Refactoring Software,Architectures,and Projects in Crisis
260 _bNew York: John Wiley & Sons,Inc.
260 _c1998
300 _a309 p.
650 _aComputer Software
942 _2ddc
942 _cRBK
999 _c29365
_d29365
945 _a1
_bMadushi Gamage
_c1
_dMadushi Gamage